00637 2200229 4500001002100000005001500021035002000036007000300056008004100059040001200100100002100112245006800133250001300201300003600214041000800250082001500258084002100273260006400294650001800358850001000376990002100386INLIS00000000000330720260527070952 a0010-0421000130ta260527 0  aSBPUPAD0 aDinas Kebudayaan1 aKumpulan Curito Rakyat Lokal Sumatera Barat /cDinas Kebudayaan a--Cet--1 ax, 206 hlm. :bilus. ;c20,5 cm bind a398.598.13 a398.598.13 KUM k a--Padang :bDinas Kebudayaan Provinsi Sumatera Barat,c2017 4aCerita Rakyat aPUPAD a28397/S/DPK/2018